00843nam a22002531 45000010005000000030008000050050017000130080039000300350018000690400031000870410008001180820021001261000060001472450069002072500011002762600033002873000038003204900058003585040037004166500047004536500025005008300013005258300051005389748BD-RjUL20211208234829.0140121s1954 nyua b 001 0 eng a(BD-RjUL)9793 aDLC/ICUcICUdBD-RjULbeng aeng00a541.39bSTA 19541 aSteacie, E. W. R.q(Edgar William Richard),d1900-1962.10aAtomic and free radical reactions /cE. W. R. Steacien2pVolume a2d ed. aNew York :bReinhold,c1954. aVarious pagins. :bill. ;c23 cm.1 aAmerican Chemical Society. Monograph series,vno. 125 aIncludes bibliography and index. 0aChemical reaction, Conditions and laws of. 0aRadicals (Chemistry) 0vno. 125. 0aMonograph series (American Chemical Society) ;